000 01412nam a2200337 c 4500
999 _c59860
_d59860
003 BLK
005 20220909153150.0
008 180408b bul|||||r ||||||| ||bul||
010 _aKNG00063987000
040 _aBLK
041 _aBUL
_cBUL
080 _aТунели. Строителство на тунели
_b624.19
_x(075.8)
_z624.19(075.8)
080 _aЕнергийни системи в цялост. Електрически централи и подстанции. Електрификация
_b621.311
_x(075.8)
_z621.311(075.8)
100 1 _aГеоргиев, Любомир Ал.
_eпърви автор
_9289337
139 _aГеоргиев, Любомир Ал.
_bГ 37
245 1 0 _aПодземно хидротехническо строителство
_bУчебник за студентите от ВИСИ
_cЛюбомир Ал. Георгиев.
257 _aBGR
260 _aСофия
_bТехника
_c1974
300 _a1034
_bс ил., черт.
_c22 см
380 _a62
500 _aБиблиогр. с. 1023-1026. - Азб. показалец.
504 _a1023-1026
653 _aводно строителство
653 _aучебници за ВУЗ
852 _aЦб 74437
856 4 _qpdf
856 4 _qpdf
942 _cKNG
_n0
_s1
944 _aCR
_c13.06.2004
_kЦветанка_Енчева
944 _aED
_c09.09.2008
944 _aED
_c2022-09-09
_kХристина Везирева
999 _d59860
999 _d59860